00366nam a2200145Ia 450000500170000000800460001703700120006304000200007504100130009508400210010810000190012924500370014830000100018565000250019520250508151006.0008 250505s9999 xx 000 0 eng d aTextual aFEDLbengcFEDL aeng2eng a370.1, BRUqFEDL aBrubacher J.S. 0aEclectie philosophy of education a520p. aEducation-Philosophy